Élő élesztő készítmény alkalmazása a tejtermelő tehenek takarmányozásában

Elmentve itt :
Bibliográfiai részletek
Szerzők: Arany Attila Sándor
Bodor Zoltán
Testületi szerző: Tudományos Diákköri Konferencia
Dokumentumtípus: Prezentáció
Megjelent: 2012
Kulcsszavak:takarmányozás
szarvasmarha
Tárgyszavak:
Online Access:http://eta.bibl.u-szeged.hu/4832
LEADER 00976nnm a2200253 i 4500
001 eta4832
005 20201218121935.0
008 201218s2012 hu o 0|| hun d
040 |a SZTE Elektronikus Tananyag Archívum  |b hun 
041 |a hun 
100 1 |a Arany Attila Sándor 
245 1 0 |a Élő élesztő készítmény alkalmazása a tejtermelő tehenek takarmányozásában  |h [elektronikus dokumentum] /  |c  Arany Attila Sándor 
260 |c 2012 
300 |a 21 
516 |a Presentation 
650 4 |a Mezőgazdaság-tudományok 
650 4 |a Állattenyésztési és tejtermelési tudomány 
650 4 |a Állattartás 
650 4 |a Mezőgazdasági állattenyésztés, tejtermelés, állattartás 
695 |a takarmányozás 
695 |a szarvasmarha 
700 0 1 |a Bodor Zoltán  |e aut 
711 |a Tudományos Diákköri Konferencia  |c Hódmezővásárhely, Magyarország  |d 2012. 12. 05. 
856 4 0 |u https://eta.bibl.u-szeged.hu/4832/1/2010-0012_94_01.pdf  |z Dokumentum-elérés